000 00468 a2200169 4500
001 191235
020 _a85-7406-049-6
040 _cMagnum
100 _aTalkington, Bruce
240 1 0 _aA cabana dos sete anões: histórias para branca de neve
_lpor
245 1 0 _aA cabana dos sete anões: histórias para branca de neve
300 _a93
362 0 _a1999
440 1 _aCompanhia das Letrinhas
697 _aLITERATURA INFANTO-JUVENIL ESTRANGEIRA
942 _cBK
999 _c191235
_d191235